| 000 | 00460nam a22001697a 4500 | ||
|---|---|---|---|
| 003 | BD-ChCU | ||
| 005 | 20251207111319.0 | ||
| 008 | 251207b bg ||||| |||| 00| 0 ben d | ||
| 040 | _cBD-ChCU | ||
| 082 | _a330.973 STN | ||
| 100 |
_aSteel - Maitland , _917568 |
||
| 245 |
_aThe new America ./ _cMaitland - Steel. |
||
| 260 |
_aLondon : _bMacmillan , _cC 1934 |
||
| 300 | _axiii , 238p | ||
| 650 | 0 |
_aU.S. - Economics Conditions. _917569 |
|
| 942 |
_2ddc _cBK _n0 |
||
| 999 |
_c110170 _d110170 |
||